00487nam a22001457a 450000500170000002000180001708200180003510000290005324500490008226000410013130000110017294200120018399900190019595201270021420260323141930.0 a9798893650242 a591.568 FER.P aFerguson, Brendan912341 aPhysiology and ecology of animal migration / aNew York:bMurphy and Moore,cc2025. a230 p. 2ddccBK c757992d757992 00102ddc4070aBOTbBOTcGENd2026-03-23eChapter booksl0o591.568 FER.PpBOT10987r2026-03-23 09:28:17w2026-03-23yBK